[Event "HUN-chT2 Erkel 1819"]
[Site "Hungary"]
[Date "2018.11.18"]
[Round "2.6"]
[White "Bilku, Andras"]
[Black "Szekely, Ferenc"]
[Result "1-0"]
[WhiteElo "1980"]
[BlackElo "2173"]
[PlyCount "65"]
[EventDate "2018.10.28"]
[EventType "team-tourn"]
[EventRounds "9"]
[EventCountry "HUN"]
[SourceTitle "EXT 2021"]
[Source "ChessBase"]
[SourceDate "2020.10.23"]
[SourceVersion "1"]
[SourceVersionDate "2020.10.23"]
[SourceQuality "1"]
[WhiteTeam "Pestszentlorinc"]
[BlackTeam "Budapest EAC"]
[WhiteTeamCountry "HUN"]
[BlackTeamCountry "HUN"]

1. d4 Nf6 2. c4 g6 3. Nc3 Bg7 4. e4 d6 5. Nf3 0-0 6. h3 c6 7. Bg5 a6 8. a4 a5 9. Bd3 Qc7 10. Qd2 e5 11. d5 Na6 12. g4 Nb4 13. Rc1 Nxd3+ 14. Qxd3 Nd7 15. Be3 f5 16. exf5 gxf5 17. Ng5 e4 18. Ne6 Nc5 19. Nxc7 Nxd3+ 20. Kd2 Rb8 21. Rb1 Bd7 22. f4 fxg4 23. Nxe4 Nxf4 24. Nxd6 Be5 25. c5 Nxh3 26. Ne6 Bxe6 27. dxe6 Rfd8 28. e7 Rd7 29. Rxh3 gxh3 30. Rg1+ Kh8 31. Bd4 Rxd6 32. cxd6 Bxd4 33. d7 1-0

[Event "Zalakaros op 24th"]
[Site "Zalakaros"]
[Date "2005.05.24"]
[Round "5"]
[White "Szekely, Ferenc"]
[Black "Csonka, Attila Istvan"]
[Result "1-0"]
[WhiteElo "2200"]
[BlackElo "2362"]
[PlyCount "87"]
[EventDate "2005.05.20"]
[EventType "swiss"]
[EventRounds "9"]
[EventCountry "HUN"]
[SourceTitle "EXT 2007"]
[Source "ChessBase"]
[SourceDate "2006.11.23"]
[SourceVersion "1"]
[SourceVersionDate "2006.11.23"]
[SourceQuality "1"]

1. e4 c6 2. d4 d5 3. exd5 cxd5 4. c4 Nf6 5. Nc3 Nc6 6. Bg5 e6 7. c5 Be7 8. Nf3 0-0 9. Bb5 Ne4 10. Bxe7 Nxe7 11. 0-0 Nxc3 12. bxc3 Qa5 13. Qb3 Qc7 14. Bd3 b6 15. Qd1 bxc5 16. Re1 g6 17. Qd2 Kg7 18. h4 h5 19. Ne5 Nc6 20. Qf4 Nxe5 21. dxe5 Qe7 22. Re3 Rb8 23. Rg3 Bd7 24. Rg5 Rb2 25. Qc1 Rfb8 26. g4 c4 27. Bc2 hxg4 28. Rxg4 R2b6 29. h5 Rh8 30. Bxg6 fxg6 31. Rxg6+ Kf8 32. Qf4+ Ke8 33. h6 Kd8 34. Rg7 Qe8 35. Qf6+ Kc7 36. h7 Kc6 37. Re7 Qf8 38. Rf7 Qd8 39. Qg7 Rb8 40. Kg2 d4 41. cxd4 Be8 42. Rxa7 Bh5 43. Ra6+ Kb5 44. Rd6 1-0

[Event "HUN-chT2 Charousek 0405"]
[Site "Hungary"]
[Date "2004.12.19"]
[Round "5"]
[White "Szekely, Ferenc"]
[Black "Rudolf, Anna"]
[Result "1-0"]
[WhiteElo "2200"]
[BlackElo "2185"]
[PlyCount "127"]
[EventDate "2004.09.26"]
[EventType "team"]
[EventRounds "11"]
[EventCountry "HUN"]
[SourceTitle "EXT 2008"]
[Source "ChessBase"]
[SourceDate "2007.11.25"]
[SourceVersion "1"]
[SourceVersionDate "2007.11.25"]
[SourceQuality "1"]
[WhiteTeam "Szenna Pack"]
[BlackTeam "Decs"]
[WhiteTeamCountry "HUN"]
[BlackTeamCountry "HUN"]

1. e4 e6 2. d4 d5 3. Nd2 Nf6 4. e5 Nfd7 5. Bd3 c5 6. c3 Nc6 7. Ne2 cxd4 8. cxd4 f6 9. exf6 Nxf6 10. 0-0 Bd6 11. Nf3 Qc7 12. Ng3 0-0 13. Bg5 Bd7 14. Rc1 Qb6 15. Bb1 Rf7 16. Qd3 Qxb2 17. Rfe1 Nb4 18. Qd1 Rc8 19. Rxc8+ Bxc8 20. Bxf6 gxf6 21. Qa4 Nc6 22. Nh5 Bb4 23. Rd1 a6 24. Qc2 Qxc2 25. Bxc2 Bd7 26. g4 Be7 27. h3 e5 28. Bb3 Be6 29. Re1 Na5 30. dxe5 fxe5 31. Nxe5 Rf8 32. Nd3 Kf7 33. Ndf4 Nxb3 34. Nxe6 Nd2 35. Nxf8 Nf3+ 36. Kf1 Nxe1 37. Kxe1 Bxf8 38. Nf4 d4 39. Ke2 Kf6 40. Kd3 Ke5 41. Ne2 Bc5 42. f4+ Kd5 43. h4 h5 44. g5 Bd6 45. g6 Ke6 46. Nxd4+ Kf6 47. f5 Bg3 48. Ne6 Bxh4 49. Nf4 Bg5 50. Nxh5+ Ke7 51. Ke4 b5 52. Kd5 b4 53. f6+ Bxf6 54. g7 Bxg7 55. Nxg7 a5 56. Kc5 Kf6 57. Ne8+ Ke5 58. Nc7 Ke4 59. Nd5 Ke5 60. Nb6 Ke4 61. Kc4 Ke3 62. Nd5+ Ke4 63. Nxb4 axb4 64. Kxb4 1-0

[Event "HUN-chT2 Charousek 0304"]
[Site "Hungary"]
[Date "2004.04.04"]
[Round "10"]
[White "Feher, Attila"]
[Black "Szekely, Ferenc"]
[Result "1/2-1/2"]
[WhiteElo "2212"]
[BlackElo "2183"]
[PlyCount "88"]
[EventDate "2003.09.28"]
[EventType "team"]
[EventRounds "11"]
[EventCountry "HUN"]
[SourceTitle "EXT 2005"]
[Source "ChessBase"]
[SourceDate "2004.11.15"]
[SourceVersion "1"]
[SourceVersionDate "2004.11.15"]
[SourceQuality "1"]

1. e4 e5 2. f4 d5 3. Nf3 exf4 4. exd5 Nf6 5. Bb5+ c6 6. dxc6 Nxc6 7. d4 Bd6 8. Qe2+ Be6 9. Ng5 0-0 10. Bxc6 bxc6 11. Nxe6 fxe6 12. 0-0 Qc7 13. Qxe6+ Kh8 14. Nd2 Rae8 15. Qh3 Re2 16. Nc4 f3 17. Qxf3 Bxh2+ 18. Kh1 Rfe8 19. Bg5 R2e6 20. Bh4 Bd6 21. c3 Ne4 22. Rae1 g5 23. Rxe4 Rxe4 24. Qf6+ Qg7 25. Qxg7+ Kxg7 26. Nxd6 Rxh4+ 27. Kg1 Rhe4 28. Rf7+ Kg6 29. Nxe4 Rxe4 30. Rxa7 Re2 31. Rb7 h5 32. Rb6 Kf5 33. Rxc6 Rxb2 34. a4 Ra2 35. Rc5+ Kf4 36. g3+ Kxg3 37. Rxg5+ Kh4 38. Rg2 Rxa4 39. Kh2 Ra3 40. Rc2 Kg4 41. d5 Kf5 42. d6 Ke6 43. Rd2 Kd7 44. c4 Ra5 1/2-1/2

[Event "HUN-chT2 Charousek 0304"]
[Site "Hungary"]
[Date "2003.12.07"]
[Round "5"]
[White "Rozsa, Peter"]
[Black "Szekely, Ferenc"]
[Result "1-0"]
[WhiteElo "2232"]
[BlackElo "2183"]
[PlyCount "48"]
[EventDate "2003.09.28"]
[EventType "team"]
[EventRounds "11"]
[EventCountry "HUN"]
[SourceTitle "EXT 2005"]
[Source "ChessBase"]
[SourceDate "2004.11.15"]
[SourceVersion "1"]
[SourceVersionDate "2004.11.15"]
[SourceQuality "1"]

1. Nf3 Nf6 2. g3 g6 3. b3 Bg7 4. Bb2 0-0 5. Bg2 d6 6. d4 c6 7. 0-0 Na6 8. Nbd2 Bg4 9. h3 Bxf3 10. exf3 d5 11. f4 Nc7 12. Nf3 a5 13. a4 Ne6 14. Qe2 Qb6 15. Rad1 Rfd8 16. Ne5 c5 17. dxc5 Qxc5 18. Rfe1 Ra6 19. c4 dxc4 20. Nxc4 Rxd1 21. Qxd1 b5 22. Re3 Qc8 23. axb5 Ra7 24. b6 Rd7 1-0

[Event "HUN-chT2 Charousek 0304"]
[Site "Hungary"]
[Date "2003.11.30"]
[Round "4"]
[White "Morvay, Miklos"]
[Black "Szekely, Ferenc"]
[Result "0-1"]
[WhiteElo "2233"]
[BlackElo "2183"]
[PlyCount "96"]
[EventDate "2003.09.28"]
[EventType "team"]
[EventRounds "11"]
[EventCountry "HUN"]
[SourceTitle "EXT 2005"]
[Source "ChessBase"]
[SourceDate "2004.11.15"]
[SourceVersion "1"]
[SourceVersionDate "2004.11.15"]
[SourceQuality "1"]

1. e4 e5 2. Nc3 Nf6 3. Bc4 Bb4 4. f4 exf4 5. e5 Bxc3 6. dxc3 Ne4 7. Nf3 0-0 8. Qd5 Ng5 9. Nxg5 Qxg5 10. 0-0 Nc6 11. Bxf4 Qg6 12. Rae1 Ne7 13. Qc5 Nc6 14. Re3 Qh5 15. Bd5 b6 16. Qc4 Bb7 17. Rh3 Qg4 18. Qe4 Qg6 19. Qe2 Na5 20. Rg3 Bxd5 21. Rxg6 hxg6 22. Rd1 Be6 23. b3 Nc6 24. c4 a5 25. a4 Rfe8 26. h3 Bf5 27. g4 Be6 28. Qf2 Rab8 29. Re1 Rb7 30. Kh2 Reb8 31. Bc1 Nb4 32. Bb2 c6 33. Rd1 b5 34. axb5 cxb5 35. cxb5 Rxb5 36. Ra1 Rc8 37. c4 Nd3 38. Qc2 Bxc4 39. Bc3 Rxb3 40. Ra4 Be6 41. Qxd3 Rcxc3 42. Qd1 Rxh3+ 43. Kg2 Rbd3 44. Qe2 Bd5+ 45. Kf2 Rh2+ 46. Ke1 Rxe2+ 47. Kxe2 Rg3 48. Rxa5 Be6 0-1

[Event "HUN-chT2 Charousek 0203"]
[Site "Hungary"]
[Date "2003.02.02"]
[Round "6.6"]
[White "Szekely, Ferenc"]
[Black "Balint, Andras"]
[Result "0-1"]
[WhiteElo "2197"]
[BlackElo "2249"]
[PlyCount "44"]
[EventDate "2002.09.22"]
[EventType "team"]
[EventRounds "11"]
[EventCountry "HUN"]
[SourceTitle "EXT 2004"]
[Source "ChessBase"]
[SourceDate "2003.11.25"]
[SourceVersion "1"]
[SourceVersionDate "2003.11.25"]
[SourceQuality "1"]
[WhiteTeam "Szenna Pack"]
[BlackTeam "Tapolca Rockwool"]
[WhiteTeamCountry "HUN"]
[BlackTeamCountry "HUN"]

1. e4 c5 2. Nf3 a6 3. c4 e6 4. Nc3 Qc7 5. d4 cxd4 6. Nxd4 Nf6 7. a3 Nxe4 8. Nxe4 Qe5 9. Bd3 Qxd4 10. 0-0 Be7 11. Be3 Qxb2 12. f4 g6 13. Ng5 Nc6 14. f5 exf5 15. Bxf5 Qe5 16. Qd3 0-0 17. Rad1 Bc5 18. Bxc5 Qxc5+ 19. Kh1 Qe7 20. Qg3 Ne5 21. Qh4 f6 22. Ne4 d5 0-1

[Event "HUN-chT2 Charousek 0203"]
[Site "Hungary"]
[Date "2002.11.24"]
[Round "3.4"]
[White "Szekely, Ferenc"]
[Black "Csiszar, Zoltan"]
[Result "0-1"]
[WhiteElo "2197"]
[BlackElo "2248"]
[PlyCount "71"]
[EventDate "2002.09.22"]
[EventType "team"]
[EventRounds "11"]
[EventCountry "HUN"]
[SourceTitle "EXT 2004"]
[Source "ChessBase"]
[SourceDate "2003.11.25"]
[SourceVersion "1"]
[SourceVersionDate "2003.11.25"]
[SourceQuality "1"]
[WhiteTeam "Szenna Pack"]
[BlackTeam "Csuti Hydro II"]
[WhiteTeamCountry "HUN"]
[BlackTeamCountry "HUN"]

1. e4 c6 2. d4 d5 3. Nd2 dxe4 4. Nxe4 Bf5 5. Ng3 Bg6 6. h4 h6 7. Nf3 Nd7 8. h5 Bh7 9. Bd3 Bxd3 10. Qxd3 e6 11. Bd2 Qc7 12. 0-0-0 Bd6 13. Ne4 Ngf6 14. Nxd6+ Qxd6 15. Qb3 b5 16. Kb1 a5 17. g4 a4 18. Qe3 Nxg4 19. Qe2 Ngf6 20. Ne5 Rg8 21. Bf4 Qd5 22. f3 Nb6 23. Ng4 Nxg4 24. fxg4 Qc4 25. Qf2 Nd5 26. Bd2 a3 27. b3 Nc3+ 28. Ka1 Nxd1 29. Rxd1 Qxc2 30. Rb1 Rd8 31. Qe3 c5 32. Ba5 Rxd4 33. Qe5 Rd1 34. Qb8+ Ke7 35. Qc7+ Rd7 36. Qf4 0-1

[Event "Zalakaros op 21st"]
[Site "Zalakaros"]
[Date "2002.05.31"]
[Round "9"]
[White "Vajda, Albert"]
[Black "Szekely, Ferenc"]
[Result "1-0"]
[WhiteElo "2364"]
[BlackElo "2215"]
[PlyCount "73"]
[EventDate "2002.05.23"]
[EventType "swiss"]
[EventRounds "9"]
[EventCountry "HUN"]
[SourceTitle "EXT 2004"]
[Source "ChessBase"]
[SourceDate "2003.11.25"]
[SourceVersion "1"]
[SourceVersionDate "2003.11.25"]
[SourceQuality "1"]

1. e4 e5 2. Bc4 Nc6 3. Nf3 Bc5 4. Qe2 Nf6 5. c3 0-0 6. Bb3 d6 7. 0-0 Bg4 8. d3 h6 9. Be3 Qe7 10. Nbd2 Bb6 11. Rfe1 Nd8 12. h3 Bxf3 13. Qxf3 Ne6 14. h4 Nd7 15. g3 Rad8 16. Nf1 Qf6 17. Qg4 Ndc5 18. Bc2 Qg6 19. Qf5 c6 20. a4 Nd7 21. Qxg6 fxg6 22. Bb3 Rfe8 23. d4 Kh7 24. Red1 Nf6 25. a5 Bc7 26. dxe5 dxe5 27. Rxd8 Bxd8 28. Bxa7 Nxe4 29. Bc2 Nf6 30. a6 b6 31. Bb8 Nc7 32. a7 Na8 33. Nd2 h5 34. Re1 Nd7 35. Be4 Re6 36. Nf3 Bc7 37. Ng5+ 1-0

[Event "HUN-ch U20"]
[Site "Paks"]
[Date "2002.04.01"]
[Round "8"]
[White "Szekely, Ferenc"]
[Black "Fodor, Tamas Jr"]
[Result "0-1"]
[WhiteElo "2215"]
[BlackElo "2051"]
[PlyCount "36"]
[EventDate "2002.03.27"]
[EventType "swiss"]
[EventRounds "9"]
[EventCountry "HUN"]
[SourceTitle "EXT 2004"]
[Source "ChessBase"]
[SourceDate "2003.11.25"]
[SourceVersion "1"]
[SourceVersionDate "2003.11.25"]
[SourceQuality "1"]

1. e4 e6 2. d4 d5 3. Nd2 Nc6 4. Ngf3 Nf6 5. e5 Nd7 6. c3 f6 7. exf6 Qxf6 8. Be2 Bd6 9. Nf1 0-0 10. Ng3 Ne7 11. 0-0 Ng6 12. Re1 c6 13. Bd3 Nh4 14. Nxh4 Qxh4 15. Rxe6 Nf6 16. Rxd6 Ng4 17. Nf1 Qxf2+ 18. Kh1 Qh4 0-1

[Event "HUN-ch U20"]
[Site "Paks"]
[Date "2002.03.27"]
[Round "1"]
[White "Szekely, Ferenc"]
[Black "Pap, Gyula"]
[Result "1-0"]
[WhiteElo "2215"]
[BlackElo "2027"]
[PlyCount "47"]
[EventDate "2002.03.27"]
[EventType "swiss"]
[EventRounds "9"]
[EventCountry "HUN"]
[SourceTitle "EXT 2004"]
[Source "ChessBase"]
[SourceDate "2003.11.25"]
[SourceVersion "1"]
[SourceVersionDate "2003.11.25"]
[SourceQuality "1"]

1. e4 e6 2. d4 d5 3. Nd2 Nc6 4. Ngf3 Nf6 5. Bd3 Nb4 6. 0-0 Nxd3 7. cxd3 Be7 8. Qc2 0-0 9. Rd1 Nd7 10. Nf1 Bd6 11. e5 Be7 12. Be3 c6 13. Ng3 a5 14. Rac1 a4 15. Qd2 Qa5 16. Qe2 Qb4 17. a3 Qb5 18. Nh5 c5 19. dxc5 Bxc5 20. Bxc5 Nxc5 21. Qe3 Nd7 22. Qg5 g6 23. Qh6 gxh5 24. Ng5 1-0

[Event "HUN-chT2 0102"]
[Site "Hungary"]
[Date "2001.12.02"]
[Round "4"]
[White "Szabo, Peter"]
[Black "Szekely, Ferenc"]
[Result "0-1"]
[WhiteElo "1666"]
[BlackElo "1974"]
[PlyCount "52"]
[EventDate "2001.??.??"]
[EventType "team"]
[EventRounds "11"]
[EventCountry "HUN"]
[SourceTitle "EXT 2004"]
[Source "ChessBase"]
[SourceDate "2003.11.25"]
[SourceVersion "1"]
[SourceVersionDate "2003.11.25"]
[SourceQuality "1"]

1. e4 e5 2. Nf3 Nc6 3. Bb5 f5 4. exf5 e4 5. Qe2 Qe7 6. Bxc6 dxc6 7. Nd4 Qe5 8. Ne6 Bxe6 9. fxe6 Bd6 10. Nc3 Nf6 11. b3 0-0 12. Bb2 Qxe6 13. 0-0-0 Rae8 14. h3 b5 15. Rde1 a5 16. g4 b4 17. Na4 Nd5 18. d3 Qh6+ 19. Kb1 Nf4 20. Qd2 exd3 21. cxd3 Qg6 22. Kc2 Nxd3 23. Rxe8 Rxe8 24. Rf1 Nf4+ 25. Kd1 Re2 26. Qc1 Qd3+ 0-1

[Event "HUN-chT2 0102"]
[Site "Hungary"]
[Date "2001.11.18"]
[Round "3"]
[White "Szekely, Ferenc"]
[Black "Gombos, Andras"]
[Result "1-0"]
[WhiteElo "1974"]
[BlackElo "2005"]
[PlyCount "43"]
[EventDate "2001.??.??"]
[EventType "team"]
[EventRounds "11"]
[EventCountry "HUN"]
[SourceTitle "EXT 2004"]
[Source "ChessBase"]
[SourceDate "2003.11.25"]
[SourceVersion "1"]
[SourceVersionDate "2003.11.25"]
[SourceQuality "1"]

1. e4 e5 2. Nf3 Nc6 3. Bb5 Nf6 4. 0-0 Nxe4 5. d4 Nd6 6. dxe5 Nxb5 7. a4 d6 8. e6 Bxe6 9. axb5 Ne5 10. Nd4 c5 11. bxc6 Nxc6 12. Re1 Qf6 13. Nb5 Rc8 14. N1c3 Qd8 15. Bf4 a6 16. Nxd6+ Bxd6 17. Bxd6 Ne7 18. Ne4 Rc6 19. Ba3 Nc8 20. Qh5 Ne7 21. Rad1 Qb6 22. Nd6+ 1-0

[Event "HUN-chT2 Charousek 0001"]
[Site "Hungary"]
[Date "2001.03.25"]
[Round "9"]
[White "Szekely, Ferenc"]
[Black "Nadasi, Balazs"]
[Result "1-0"]
[WhiteElo "1971"]
[BlackElo "1923"]
[PlyCount "57"]
[EventDate "2000.11.26"]
[EventType "team"]
[EventRounds "11"]
[EventCountry "HUN"]
[SourceTitle "EXT 2007"]
[Source "ChessBase"]
[SourceDate "2006.11.23"]
[SourceVersion "1"]
[SourceVersionDate "2006.11.23"]
[SourceQuality "1"]
[WhiteTeam "Szenna Pack"]
[BlackTeam "Budapest Spartacus"]
[WhiteTeamCountry "HUN"]
[BlackTeamCountry "HUN"]

1. e4 c5 2. Nf3 d6 3. d4 cxd4 4. Nxd4 Nf6 5. Nc3 g6 6. Be3 Bg7 7. f3 0-0 8. Qd2 Nc6 9. 0-0-0 d5 10. exd5 Nxd5 11. Nxc6 bxc6 12. Bd4 e5 13. Bc5 Be6 14. Ne4 Re8 15. Ba6 Qc7 16. g4 f5 17. gxf5 gxf5 18. Ng5 e4 19. fxe4 Nc3 20. Nxe6 Nxa2+ 21. Kb1 Rxe6 22. Bc4 Nc3+ 23. bxc3 Rb8+ 24. Bb4 c5 25. Bxe6+ Kh8 26. Qd6 Qxd6 27. Rxd6 cxb4 28. cxb4 Rxb4+ 29. Bb3 1-0